[Event "1st Grandiscacchi Cattolica 2022"]
[Site "Cattolica"]
[Date "2022.03.06"]
[Round "7.10"]
[White "Assaubayeva, Bibisara"]
[Black "Willow, Jonah B"]
[Result "0-1"]
[WhiteElo "2434"]
[BlackElo "2365"]
[Annotator "ChessBase"]
[PlyCount "58"]
[EventDate "2022.03.03"]
[EventType "swiss"]
[EventCountry "ITA"]
[SourceTitle "playchess.com"]
[Source "ChessBase"]
[SourceQuality "1"]
[TimeControl "5400+30"]

1. d4 {[%emt 0:02:51]} Nf6 {[%emt 0:00:23]} 2. c4 {[%emt 0:00:13]} e6 {[%emt 0:00:10]} 3. Nf3 {[%emt 0:00:22]} d5 {[%emt 0:00:22]} 4. Nc3 {[%emt 0:00:49]} dxc4 {[%emt 0:00:17]} 5. Bg5 {[%emt 0:00:42]} a6 {[%emt 0:00:43]} 6. e4 {[%emt 0:04:40]} b5 {[%emt 0:01:14]} 7. e5 {[%emt 0:01:09]} h6 {[%emt 0:00:08]} 8. Bh4 {[%emt 0:01:26]} g5 {[%emt 0:00:11]} 9. Nxg5 {[%emt 0:01:17]} hxg5 {[%emt 0:00:44]} 10. Bxg5 {[%emt 0:00:03]} Nbd7 {[%emt 0:00:06]} 11. exf6 {[%emt 0:07:42]} Bb7 {[%emt 0:00:43]} 12. Qd2 {[%emt 0:11:09]} Nxf6 {[%emt 0:04:06]} 13. f3 {[%emt 0:10:40]} Be7 {[%emt 0:05:25]} 14. O-O-O {[%emt 0:01:09]} Qd7 {[%emt 0:02:22]} 15. Bxf6 {[%emt 0:07:54]} Bxf6 {[%emt 0:00:09]} 16. Ne4 {[%emt 0:00:10]} Bxe4 {[%emt 0:03:15]} 17. fxe4 {[%emt 0:00:02]} Rd8 {[%emt 0:11:38]} 18. d5 {[%emt 0:03:12]} c3 {[%emt 0:18:11]} 19. bxc3 {[%emt 0:05:32]} b4 {[%emt 0:00:40]} 20. cxb4 {[%emt 0:03:43]} Qd6 {[%emt 0:08:24]} 21. Bc4 {[%emt 0:03:49]} Qe5 {[%emt 0:00:59]} 22. Qc2 {[%emt 0:01:46]} Rh4 {[%emt 0:06:27]} 23. Rhe1 {[%emt 0:06:41]} Rxh2 {[%emt 0:02:00]} 24. Re2 {[%emt 0:02:09]} Kf8 {[%emt 0:02:55]} 25. Qb3 {[%emt 0:05:45]} Rh4 {[%emt 0:02:06]} 26. Kb1 {[%emt 0:03:22]} c6 {[%emt 0:04:03]} 27. Rde1 {[%emt 0:10:41]} cxd5 {[%emt 0:02:28]} 28. Bxa6 {[%emt 0:00:17]} Rxe4 {[%emt 0:04:56]} 29. Re3 {[%emt 0:03:43]} Rd7 {[%emt 0:02:59]} 0-1

[Event "1st Grandiscacchi Cattolica 2022"]
[Site "Cattolica"]
[Date "2022.03.07"]
[Round "8.1"]
[White "Narayanan.S.L"]
[Black "Nesterov, Arseniy"]
[Result "1/2-1/2"]
[WhiteElo "2658"]
[BlackElo "2522"]
[Annotator "TA"]
[PlyCount "94"]
[EventDate "2022.03.03"]
[EventType "swiss"]
[EventCountry "ITA"]
[SourceTitle "playchess.com"]
[Source "ChessBase"]
[SourceQuality "1"]

{[%evp 17,94,7,13,0,0,0,0,0,0,0,6,0,0,0,0,0,0,0,0,0,10,7,22,0,0,-13,0,0,0,0,0,0,0,0,0,0,0,0,0,0,0,0,0,0,0,0,0,0,8,12,67,0,0,0,49,43,40,37,67,62,77,82,139,71,113,120,172,2,2,2,2,2,2,0,0,0,0,0,0]} 1. c4 c6 2. d4 d5 3. Nf3 Nf6 4. Nc3 e6 5. e3 Nbd7 6. Qc2 Bd6 7. Be2 O-O 8. O-O Re8 9. Rd1 Qe7 10. c5 {D45: Semi-Slav: 5 e3.} Bc7 11. e4 $1 dxe4 12. Nxe4 Nxe4 13. Qxe4 {[#]} Nf6 $146 ({Predecessor:} 13... e5 14. Bg5 f6 15. Bc4+ Kh8 16. Bd3 Nf8 17. Bh4 g5 18. Bg3 Ng6 19. dxe5 f5 {1-0 (35) Silva Rodriguez,F (2216)-Cruz Lledo,P (2448) Sueca 2017}) 14. Qh4 e5 15. dxe5 Bxe5 16. Bd3 {Threatens to win with Re1.} Bg4 17. Bxh7+ $1 Nxh7 18. Qxg4 Qxc5 19. Be3 Qf8 20. Rac1 (20. Qc4 $5 {[%cal Re3c5]} Bf6 21. Rd7 $14) 20... Nf6 21. Qh4 Bxb2 {Strongly threatening ...Re4.} 22. Bc5 Re4 {And now ...Qe8 would win.} 23. Bxf8 Rxh4 24. Rc2 Ra4 25. Bxg7 Kxg7 26. Rxb2 b6 27. h3 c5 28. g4 Ne4 29. Rd7 Rh8 30. Kg2 Nf6 31. Rd6 Ne4 32. Rc6 Nc3 33. Ng5 Ne4 ({Don't do} 33... Rxa2 34. Rxa2 Nxa2 35. Rc7 $16) (33... Re8 $11) 34. Nf3 (34. Nxe4 $14 Rxe4 35. Rc7) 34... Nc3 (34... Rd8 $11) 35. Ng5 $14 Ne4 ({Don't take} 35... Nxa2 36. Rc7 Nc3 37. Rxf7+ Kg6 38. Rf5 $14) ({But not} 35... Rxa2 36. Rxa2 Nxa2 37. Rc7 $14) 36. Nxe4 Rxe4 {[%mdl 4096] Endgame KRR-KRR} 37. Rc7 Ra4 38. Kg3 Rh6 39. h4 {[%cal Bh3h4,Bh4h5][%mdl 32]} Ra3+ {[#]} (39... Rf6 $142) 40. f3 (40. Rb3 $142 $1 {[%cal Rb3a3]} Rxa2 41. g5) 40... Rd6 (40... Rf6 $142) 41. h5 $16 Rd1 {[#]} (41... Rf6 $16) 42. g5 $2 ({Better is} 42. Rb3 $1 $18 {[%cal Rb3a3]} Rg1+ 43. Kf2 Rxb3 44. axb3) 42... Rh1 $1 $11 {The position is equal.} 43. Kg4 {g6 is the strong threat.} Ra4+ 44. f4 Rg1+ $1 45. Kf5 Rf1 $1 46. Ke5 {aiming for f5.} Rfxf4 47. Rxa7 Rfe4+ {Weighted Error Value: White=0.10 (very precise) /Black=0.10 (very precise)} 1/2-1/2

[Event "1st Grandiscacchi Cattolica 2022"]
[Site "Cattolica"]
[Date "2022.03.07"]
[Round "8.2"]
[White "Jobava, Baadur"]
[Black "Praggnanandhaa R"]
[Result "1/2-1/2"]
[WhiteElo "2588"]
[BlackElo "2612"]
[Annotator "TA"]
[PlyCount "75"]
[EventDate "2022.03.03"]
[EventType "swiss"]
[EventCountry "ITA"]
[SourceTitle "playchess.com"]
[Source "ChessBase"]
[SourceQuality "1"]

{[%evp 10,75,26,24,41,28,15,19,27,3,0,12,25,17,14,5,5,3,2,6,2,-8,-8,-12,0,0,0,0,0,0,0,0,0,0,0,0,0,0,-10,-8,0,-10,-13,-52,-35,-33,-48,-86,-86,-77,-77,-82,-27,-24,-23,-25,-10,-12,0,-3,0,0,0,-2,-3,-14,0,0]} 1. e4 c5 2. Nf3 Nc6 3. Bb5 g6 4. Bxc6 bxc6 5. O-O Bg7 6. Re1 Qc7 {B31: Sicilian: 2...Nc6 3 Bb5 g6.} 7. d3 e5 8. c3 Nf6 9. d4 cxd4 10. cxd4 exd4 11. Qxd4 O-O $1 12. e5 Nd5 13. Nc3 Nxc3 14. Qxc3 d5 {[#]} 15. Bg5 $146 ({Predecessor:} 15. h3 Bf5 16. Bf4 c5 17. Nd4 Be6 18. Rac1 Rfc8 19. b4 {1-0 (19) Muro,L (2070)-Olivetti,D ICCF email 2021}) 15... Bg4 16. Nd2 c5 17. Bf6 Bxf6 18. exf6 Qf4 19. Nb3 c4 20. Qd4 Qxd4 21. Nxd4 Rab8 22. h3 Bc8 23. Re7 Rxb2 24. Rxa7 Rb6 25. f3 Rxf6 26. Rb1 Ra6 (26... Bf5 {looks sharper.} 27. Rb5 Rc8 28. Raa5 Bd3 29. Rxd5 Rb6) 27. Rxa6 Bxa6 $15 {[%mdl 4096] Endgame KRB-KRN} 28. Rb6 Ra8 29. Rd6 c3 $1 {...Bc4 is the strong threat.} 30. Rxd5 {[#]} Bd3 (30... Rc8 $1 $17 {Threatens to win with ...c2.} 31. Rd6 {[#]} Bb5 $1 {[%mdl 512]}) 31. Rc5 $11 Ra4 32. Nb3 Bc4 33. Nd4 {The position is equal.} Kg7 34. Nc2 Rxa2 35. Nb4 Ra1+ 36. Kh2 Bf1 37. Rxc3 Rd1 38. Kg3 {Weighted Error Value: White=0.05 (flawless) /Black=0.05 (flawless)} 1/2-1/2

[Event "1st Grandiscacchi Cattolica 2022"]
[Site "Cattolica"]
[Date "2022.03.07"]
[Round "8.3"]
[White "Basso, Pier Luigi"]
[Black "Nisipeanu, Liviu-Dieter"]
[Result "1/2-1/2"]
[WhiteElo "2600"]
[BlackElo "2652"]
[Annotator "TA"]
[PlyCount "43"]
[EventDate "2022.03.03"]
[EventType "swiss"]
[EventCountry "ITA"]
[SourceTitle "playchess.com"]
[Source "ChessBase"]
[SourceQuality "1"]

{[%evp 18,19,15,7]} 1. d4 Nf6 2. c4 e6 3. Nf3 b6 4. g3 Ba6 5. b3 d5 6. Bg2 Bb4+ 7. Bd2 Be7 8. cxd5 exd5 9. Nc3 O-O 10. O-O {[#]} {Predecessor:} Re8 $146 {E15: Queen's Indian: 4 g3 sidelines, 4 g3 Ba6 and 4 g3 Bb7 early deviations.} 11. Rc1 Bb7 12. Rc2 Nbd7 13. Bf4 c6 14. Qd3 Nf8 15. Rd1 Ne6 16. Be5 Nd7 17. e4 Nxe5 18. Nxe5 Bf6 19. Nxc6 Bxc6 20. exd5 Nxd4 21. dxc6 Nxc2 22. Qxc2 {1-0 (41) Vidit,S (2727)-Martirosyan,H (2633) Chess.com INT 2022} 1/2-1/2

[Event "1st Grandiscacchi Cattolica 2022"]
[Site "Cattolica"]
[Date "2022.03.07"]
[Round "8.4"]
[White "Lodici, Lorenzo"]
[Black "Pranav Anand"]
[Result "1-0"]
[WhiteElo "2537"]
[BlackElo "2436"]
[Annotator "TA"]
[PlyCount "71"]
[EventDate "2022.03.03"]
[EventType "swiss"]
[EventCountry "ITA"]
[SourceTitle "playchess.com"]
[Source "ChessBase"]
[SourceQuality "1"]

{[%evp 13,71,32,39,34,50,41,45,35,37,27,46,44,33,45,70,64,74,71,78,72,110,88,134,135,143,140,147,131,185,139,192,131,131,131,139,131,148,141,152,135,152,136,136,136,136,136,366,366,366,366,366,366,366,366,366,366,513,523,505,532]} 1. d4 Nf6 2. c4 g6 3. Nc3 Bg7 4. e4 d6 5. h3 O-O 6. Be3 e5 7. d5 Na6 8. g4 {E71: King's Indian: 4 e4 d6 5 h3.} Nc5 9. f3 a5 10. Nge2 {White is slightly better.} c6 11. Ng3 cxd5 12. cxd5 Bd7 13. Qd2 a4 14. Nb5 Qb6 15. Na3 Rfc8 16. Rc1 {[#]} Ne8 $146 ({Predecessor:} 16... Qd8 17. Be2 Ne8 18. h4 Bf6 19. g5 Be7 20. h5 Qa5 21. Qxa5 Rxa5 22. hxg6 hxg6 {1-0 (42) Bernadskiy,V (2619)-Costa,L (2165) Bassano del Grappa 2021}) 17. h4 {[%cal Bh3h4,Bh4h5][%mdl 32]} f6 (17... Rab8 $142) 18. h5 $16 g5 19. Kf2 Bf8 20. Be2 Nc7 (20... Qa5 $16 21. Qxa5 Rxa5) 21. Rc3 (21. Nc4 $18 Qa7 22. h6) 21... Qa5 (21... h6 $16 22. Kg2 Qa7) 22. Rb1 (22. Bxc5 $18 {Be3 is the strong threat.} dxc5 23. Nc4) 22... b5 23. Rcc1 Qb6 24. Nc2 N7a6 25. b4 axb3 26. axb3 Qb7 27. b4 Na4 28. Na3 Rxc1 29. Rxc1 Rc8 $2 {This costs Black the game.} (29... Nc7 $16 30. Qc2 Rc8) 30. Rxc8 $18 Qxc8 31. Nxb5 (31. Bxb5 Bxb5 32. Nxb5 Qc4 $18) 31... Qb7 {[#]} 32. Qc2 $1 Nb6 (32... Bxb5 $2 33. Bxb5 Qxb5 34. Qc8 $18 (34. Qc6 $2 Qxc6 35. dxc6 Nc7 $19)) 33. Nf5 Bxf5 34. gxf5 {Strongly threatening Qc6.} Nxb4 (34... Kf7 $142 35. Qc3 Nb8) 35. Qb3 Na6 36. Na3 {Weighted Error Value: White=0.06 (flawless) /Black=0.25 (precise)} ({Weaker is} 36. Nxd6 Bxd6 37. Qb5 (37. Qxb6 Qxb6 38. Bxb6 Bc5+ 39. Bxc5 Nxc5 $16) 37... Kg7 38. Qxa6 (38. Qxb6 Qxb6 39. Bxb6 Bc5+ 40. Bxc5 Nxc5 $16) 38... Qxa6 39. Bxa6 Na4 $16) 1-0

[Event "1st Grandiscacchi Cattolica 2022"]
[Site "Cattolica"]
[Date "2022.03.07"]
[Round "8.5"]
[White "Sebenik, Matej"]
[Black "Kamalidenova, Meruert"]
[Result "1/2-1/2"]
[WhiteElo "2510"]
[BlackElo "2362"]
[Annotator "TA"]
[PlyCount "89"]
[EventDate "2022.03.03"]
[EventType "swiss"]
[EventCountry "ITA"]
[SourceTitle "playchess.com"]
[Source "ChessBase"]
[SourceQuality "1"]

{[%evp 13,89,16,14,24,8,23,32,34,25,22,37,26,59,30,10,18,112,110,155,143,147,141,187,199,182,152,149,159,152,145,146,154,150,111,118,111,108,93,91,83,90,70,74,71,75,75,100,89,94,94,94,94,94,85,131,127,128,107,108,108,108,101,90,90,90,89,89,52,52,52,89,89,89,8,16,0,0,0]} 1. Nf3 Nf6 2. c4 e6 3. g3 d5 4. Bg2 Be7 5. d4 O-O 6. O-O dxc4 7. Qc2 b5 8. a4 $1 {E05: Open Catalan: 5 Nf3 Be7.} b4 9. Nfd2 Nd5 $1 {[%mdl 4] is recently more successful than 9...c6.} 10. Nxc4 {White is slightly better.} c5 11. dxc5 Bxc5 12. e4 Nb6 13. Rd1 {[#]} (13. Ncd2 $5 {[%cal Rc2c5]} Qc7 14. Nb3 $14) 13... N8d7 $146 ({Predecessor:} 13... Qe7 14. e5 Nd5 15. Nbd2 Nc6 16. Ne4 Nd4 17. Qd3 Ba6 18. Bg5 Qc7 19. Rac1 Rac8 20. Nxc5 Qxc5 21. Qxd4 Bxc4 22. Qxc5 Rxc5 23. Bxd5 exd5 {0-1 (40) Halkias,S (2567)-Yoo,C (2455) Chess.com INT 2020}) 14. Nxb6 Qxb6 (14... axb6 $11 {keeps the balance.} 15. Nd2 Ba6) 15. a5 $1 $16 Qc7 (15... b3 $142 16. Qe2 Qc7) 16. Bf4 e5 17. Be3 Bb6 (17... Rd8 $16) 18. Qxc7 $18 Bxc7 19. Nd2 Rd8 20. Nc4 Ba6 {[#]} 21. Bf1 {[%cal Bg2f1,Bf1c4,Bc4b3][%mdl 32] White is more active.} Nf6 {[#]} 22. Rxd8+ $1 Rxd8 23. Bxa7 Bxc4 (23... Nxe4 $2 24. Bb6 Bxb6 25. axb6 Bxc4 26. Bxc4 $18) 24. Bxc4 Ra8 25. Be3 {Black must now prevent a6.} Rxa5 26. Rc1 {[%cal Oc4f7]} Bd6 (26... Nxe4 $2 27. Bd3 Nc3 28. bxc3 $18) 27. Bb3 {Rc8+ is the strong threat. This bishop pair is nice.} Kf8 28. Rc6 Ke7 29. Rb6 Nd7 30. Rb7 {[%cal Ob3f7]} Kd8 31. Bxf7 Kc8 32. Ra7 Rxa7 33. Bxa7 $16 {[%mdl 4096] Endgame KBB-KBN} Nc5 (33... Kc7 $142) 34. Bd5 Kc7 35. Kf1 Na4 36. b3 Nb6 37. Ke2 Bc5 38. f4 exf4 39. gxf4 Bg1 40. Kf3 Bxh2 41. Bg8 h5 42. e5 {aiming for e6.} Bg1 43. f5 (43. Bf7 $16) 43... h4 44. e6 {And now Kg4 would win.} Bc5 $1 45. Bxb6+ {Blacks defense is rewarded with a draw.  Weighted Error Value: White=0.09 (flawless) /Black=0.11 (very precise)} 1/2-1/2

[Event "1st Grandiscacchi Cattolica 2022"]
[Site "Cattolica"]
[Date "2022.03.07"]
[Round "8.6"]
[White "Willow, Jonah B"]
[Black "Davtyan, Artur"]
[Result "1/2-1/2"]
[WhiteElo "2365"]
[BlackElo "2460"]
[Annotator "TA"]
[PlyCount "121"]
[EventDate "2022.03.03"]
[EventType "swiss"]
[EventCountry "ITA"]
[SourceTitle "playchess.com"]
[Source "ChessBase"]
[SourceQuality "1"]

{[%evp 14,121,45,22,20,0,0,-2,0,0,2,17,11,26,18,0,0,0,0,0,7,-16,0,-54,-41,-94,-71,-86,-50,-54,-60,-85,-80,-147,-144,-225,-234,-217,-165,-162,-158,-290,-149,-156,-151,-133,-55,-283,-151,-140,-157,-139,-119,-120,-97,-93,-94,-95,-88,-176,-44,-53,-50,-153,-155,-152,-89,-172,-172,-173,-184,-191,-156,-164,-163,-172,-141,-152,-154,-154,-102,-130,-130,-129,-132,-158,-148,-144,-131,-145,-142,-147,-121,-157,-101,-102,-102,-118,-112,-119,0,0,0,0,0,0,0,0,0,0]} 1. e4 e5 2. Nf3 Nc6 3. Bb5 a6 4. Ba4 Nf6 5. O-O d6 6. Bxc6+ bxc6 7. d4 exd4 8. Qxd4 c5 {C79: Ruy Lopez: Steinitz-type lines with 3...a6 4 Ba4 Nf6 5 0-0 d6.} 9. Qe3 Be7 10. e5 {[#]} Nd5 $146 ({Predecessor:} 10... Ng4 11. Qe4 d5 12. Qe2 h5 13. Rd1 c6 14. Nc3 Qc7 15. b3 d4 16. Na4 Be6 {1-0 (50) Moreira,C (1540)-Potemri,S (800) LSS email 2010}) 11. Qe4 Nb6 12. exd6 cxd6 13. Re1 d5 14. Qe5 f6 15. Qh5+ g6 16. Qh6 Kf7 {Prevents Qg7+.} 17. Nc3 Bf5 18. Re2 (18. b3 $11) 18... Qd7 $1 $15 19. a4 (19. Bg5 $15) 19... Rae8 $1 $17 20. a5 Nc8 ({But not} 20... Bf8 21. Rxe8 Qxe8 22. Qd2 $16) 21. Qd2 d4 22. Ne4 {[%cal Ob2b4]} Qd5 23. Qf4 (23. Ng3 $142) 23... Bd8 {[%cal Re8e4]} 24. Ng3 (24. Nfd2 $17) 24... Rxe2 $19 25. Nxe2 {[%cal Ob2b4]} Re8 26. Ng3 Bxc2 27. Qb8 (27. b4 $17 {was called for.}) 27... Nd6 (27... Be7 $19 {Hoping for ...Bd6.} 28. Qc7 Bb3) 28. Qa7+ $17 Be7 29. Qxa6 c4 ({Better is} 29... d3 $17 {Strongly threatening ...Ra8.} 30. Bf4 g5 31. Bxd6 Bxd6) 30. Bd2 $2 (30. Qb6 $1 $15) 30... Ra8 (30... Nb5 $1 $19 {White must now prevent ...Ra8.} 31. Ne2 g5 32. Nfxd4 Nxd4 33. Nxd4 Qxd4) 31. Qb6 Nb5 32. Ne2 {[%cal Rf3d4]} Bd8 $1 33. Nf4 Bxb6 34. Nxd5 Bd8 {Threatens to win with ...Be4.} 35. Re1 {To avoid Be4} Bb3 $36 {[%cal Oc4c3][%mdl 2048] aiming for ...c3! Black has strong initiative.} (35... Bxa5 $2 36. Re7+ Kg8 37. Bh6 $18 (37. Nxf6+ Kf8 $16)) 36. Nb4 (36. Nb6 $17 Ra6 37. Bb4) 36... Bxa5 (36... Rc8 $19 {...c3 is the strong threat.} 37. a6 c3 38. bxc3 dxc3) 37. Ra1 $1 $15 c3 38. bxc3 (38. Bc1 $1 $15) 38... dxc3 $17 39. Be3 c2 (39... Nc7 $142 $1 40. Nc6 Bb6 $1 {[%mdl 512]} 41. Rxa8 Nxa8 42. Bxb6 Nxb6) 40. Nxc2 Bxc2 $19 {This bishop pair is nice.} 41. Bd2 {[#]} Bxd2 42. Rxa8 Bf4 43. Ra5 Bd3 44. Ra4 g5 45. Ne1 Bf5 46. h4 Nc3 ({Black should play} 46... h6 47. Nf3 Bd6) 47. Ra5 Be4 48. hxg5 fxg5 49. Ra7+ Kf6 50. Ra6+ Ke5 51. g3 Bd2 52. Ng2 Ne2+ 53. Kh2 Kf5 ({Black should try} 53... Nd4 54. Ne3 Bxe3 55. fxe3 Nf5) 54. Rd6 $17 {[#]} Bc1 55. Rd1 h5 56. Rd8 Bf3 (56... Ba3 $17 57. Ne3+ Kf6) 57. Rf8+ $1 $11 {The position is equal.} Ke4 58. Ne1 Nd4 59. Re8+ Kf5 60. Rf8+ Ke4 61. Re8+ {Weighted Error Value: White=0.26 (precise) /Black=0.23 (precise)} 1/2-1/2

[Event "1st Grandiscacchi Cattolica 2022"]
[Site "Cattolica"]
[Date "2022.03.07"]
[Round "8.7"]
[White "Dimitrov, Radoslav"]
[Black "Azarov, Sergei"]
[Result "1-0"]
[WhiteElo "2487"]
[BlackElo "2600"]
[Annotator "TA"]
[PlyCount "103"]
[EventDate "2022.03.03"]
[EventType "swiss"]
[EventCountry "ITA"]
[SourceTitle "playchess.com"]
[Source "ChessBase"]
[SourceQuality "1"]

{[%evp 9,103,20,14,-34,-15,-39,8,5,12,8,78,55,84,67,107,95,89,95,94,102,81,10,0,7,90,90,89,79,75,59,99,73,114,108,115,121,141,115,111,110,114,103,171,103,180,170,204,197,194,164,193,126,102,109,107,96,93,90,86,93,101,94,112,103,116,104,110,72,164,118,122,122,107,118,322,33,33,39,60,8,8,8,69,44,29965,29967,29968,29969,29970,29971,29971,29973,29973,29973,29971,29966]} 1. d4 Nf6 2. Bg5 Ne4 3. Bf4 d5 4. e3 c5 5. Bd3 {[%cal Bf1d3,Bd3e4,Be4d5][%mdl 32]} g6 {[#]} 6. dxc5 $146 {A45: Trompowsky Attack.} (6. c3 $11) ({Predecessor:} 6. Nd2 Nxd2 7. Qxd2 cxd4 8. exd4 Nc6 9. c3 Bg7 10. Bh6 O-O 11. Bxg7 Kxg7 12. f4 f6 13. Nf3 {½-½ (26) Stamenkovic,D (2401)-Mekhitarian,K (2562) Cuiaba 2014}) 6... Bg7 $15 7. Bxe4 Bxb2 (7... dxe4 $15 {feels stronger.} 8. Qxd8+ Kxd8) 8. Bxd5 $11 {[%cal Od1f3] The position is equal.} (8. Bxb8 $2 Bxa1 9. Bxd5 (9. Nd2 $2 Bg7 $19) 9... Rxb8 $17) 8... Bxa1 9. c3 $1 Nc6 (9... O-O $11 {keeps the balance.}) 10. Ne2 $1 $16 {[%mdl 1024] White has strong compensation. White is more active.} Qa5 11. O-O {Hoping for Nd2.} O-O 12. Nd2 Rd8 13. e4 Bg4 14. f3 Be6 (14... Qxc5+ $2 15. Rf2 Be6 16. Bxe6 (16. Qxa1 Bxd5 17. exd5 Qxd5 $14)) 15. Nb3 (15. Bxe6 $16 Qxc5+ 16. Rf2) 15... Qxa2 $11 16. Qxa1 (16. Nxa1 Bxd5 17. exd5 Rxd5 $15) 16... Qxa1 (16... Qxe2 $11 17. c4 Bxd5 18. cxd5 Nb4) 17. Rxa1 $16 {Bxc6 is the strong threat.} (17. Nxa1 $6 Bxd5 18. exd5 Rxd5 $11) 17... Bxd5 18. exd5 Rxd5 19. Kf2 e5 20. Be3 a5 ({Black should play} 20... Rd3) 21. Nd2 f5 22. f4 Rad8 23. Nc4 exf4 24. Nxf4 Rd1 25. Ra2 Re8 (25... g5 $16) 26. h4 (26. Nxa5 $2 Ra8 27. Ke2 Rb1 $19) (26. Rb2 $18) 26... Re4 (26... Ra8 $16) 27. Nd2 $18 Re8 28. Nd5 $1 {And now Nf6+ would win.} Re6 {Inhibits Nf6+.} 29. Bf4 h6 30. Rb2 (30. Bxh6 $18 {Threatens to win with Be3.} Ne5 31. Ke2) 30... a4 $16 31. Ra2 ({Don't do} 31. Bxh6 Ne5 32. Kg3 (32. Ke2 Rg1 $11) 32... a3 $11) (31. Rxb7 $2 a3 32. Rb6 (32. Bxh6 $2 a2 $19) (32. Nb4 $2 Nxb4 33. cxb4 a2 $19) 32... a2 $19) 31... Ne5 32. Bxe5 Rxe5 {[#]} 33. c4 Re6 34. Ne3 {Pair of Knights!} Rc1 35. Rxa4 f4 36. Nef1 g5 37. hxg5 hxg5 38. Kf3 Kf7 (38... Rc6 $16 {was called for.}) 39. Rb4 (39. Ra7 $18) 39... Ree1 40. Rxb7+ Ke6 41. Rb6+ Ke5 $2 {[#]} (41... Ke7 $16) 42. Kg4 $2 (42. Nh2 $1 $18 Re3+ 43. Kf2) 42... Rxf1 $14 43. Nxf1 Rxf1 {[%mdl 4096] Endgame KR-KR} 44. Rg6 ({But not} 44. Kxg5 Rf2 $11) (44. c6 $1 $14 Kd6 45. Rb2 (45. Kxg5 Rf2 $11)) 44... Rf2 $1 $11 45. Rxg5+ Kf6 (45... Ke4 $1 $11 46. Kh5 Rc2) 46. Rd5 {Black must now prevent c6.} Rxg2+ $2 {[%mdl 8192]} (46... Ke6 $14) 47. Kxf4 {White mates.} Rh2 48. Ke4 Rh4+ 49. Kd3 Ke7 50. Kc3 Rh8 51. Kb4 Rb8+ 52. Ka5 {Weighted Error Value: White=0.24 (precise) /Black=0.35} 1-0

[Event "1st Grandiscacchi Cattolica 2022"]
[Site "Cattolica"]
[Date "2022.03.07"]
[Round "8.8"]
[White "Moroni, Luca Jr"]
[Black "Barp, Alberto"]
[Result "1-0"]
[WhiteElo "2588"]
[BlackElo "2388"]
[Annotator "TA"]
[PlyCount "113"]
[EventDate "2022.03.03"]
[EventType "swiss"]
[EventCountry "ITA"]
[SourceTitle "playchess.com"]
[Source "ChessBase"]
[SourceQuality "1"]

{[%evp 9,113,9,18,0,13,-10,5,0,5,8,22,12,1,-35,25,4,9,0,11,14,27,0,0,0,0,-17,-14,-9,-30,-37,-37,-56,0,0,0,0,0,0,65,0,0,0,0,0,0,0,0,0,0,0,0,-12,0,-12,0,0,0,0,12,17,22,0,0,0,0,0,0,0,0,0,0,-15,0,0,21,13,55,12,75,84,104,52,71,71,71,56,79,78,67,54,254,231,369,362,535,529,2002,1629,12767,12844,29982,29983,29994,29995,29996,29997]} 1. c4 e6 2. Nf3 d5 3. e3 Nf6 4. b3 Bd6 5. Bb2 b6 6. Nc3 {A13: English Opening: 1...e6.} O-O 7. Qc2 Bb7 8. cxd5 {The position is equal.} exd5 9. Nb5 c5 {[%cal Od5d4]} 10. Nxd6 Qxd6 11. Be2 {[#]} Nc6 $146 ({Better is} 11... d4 $1 $15) ({Predecessor:} 11... d4 12. O-O Ng4 13. g3 d3 14. Bxd3 Bxf3 15. Bxh7+ Kh8 16. Be4 Nxh2 17. Qc3 Rg8 18. Bxf3 Nxf3+ {½-½ (66) Sundararajan,K (2419)-Nabaty,T (2657) London 2017}) 12. O-O d4 13. exd4 Nxd4 14. Nxd4 cxd4 15. Rac1 Rfe8 16. Qd3 Rad8 17. Bf3 Bxf3 18. Qxf3 Qe5 19. Rfd1 h6 20. h3 Qd5 (20... Re6 $15) 21. Qxd5 Nxd5 22. Kf1 Nf4 23. Rc4 Re4 ({Black should play} 23... Nd3 $11 24. Ba1 (24. Bxd4 $2 b5 $19) 24... Re4) 24. f3 (24. d3 $14 Ree8 25. Rxd4 Rxd4 26. Bxd4) 24... Re2 $11 25. Rxd4 Rxd4 26. Bxd4 Rxg2 {[%mdl 4096] Endgame KRB-KRN} 27. Be5 Rg3 28. Kf2 Rg2+ 29. Ke3 Nd5+ 30. Kd4 Ne7 31. Kc4 Rg5 32. d4 f6 33. Bb8 Nc6 34. Bd6 {aiming for d5.} b5+ 35. Kc3 (35. Kd3 $5 {[%cal Rd1c1]} Rd5 36. Bc5 $11) 35... Rd5 36. Bc5 Kf7 37. a4 a6 38. axb5 axb5 39. Kd3 Ke6 40. Re1+ Ne5+ 41. Ke4 g5 42. Ra1 {Ra6+ is the strong threat.} f5+ 43. Ke3 Nc6 (43... Ng6 $1 $11) 44. Ra6 $16 Kd7 {[#]} 45. Rb6 (45. Ra8 $1 $16) 45... h5 46. Rb7+ (46. Rxb5 {[#]} Nxd4 $1 {[%mdl 512]} 47. Ra5 Nxb3 48. Ra7+ Ke6 49. Ra6+ Kf7 50. Ra7+ Kg6 51. Ra6+ Kf7 $17) 46... Kc8 47. Rg7 Na5 48. b4 {White is more active.} ({Don't play} 48. Rxg5 Nxb3 49. Bb6 Rd6 $11) 48... Nc4+ 49. Ke2 f4 $2 {This costs Black the game.} (49... g4 $1 $14) 50. Kd3 $18 Rf5 (50... Rd8 $142 51. Rxg5 Re8) 51. Ke4 Ne3 (51... Rf6 {was called for.} 52. Rxg5 Nd2+ 53. Ke5 Rf7 54. Rxh5 Kd7) 52. d5 {[%cal Bd4d5,Bd5d6][%mdl 32]} g4 53. hxg4 hxg4 54. d6 Rd5 55. Bxe3 {White mates.} fxe3 56. Kxd5 e2 57. Kc6 {Weighted Error Value: White=0.08 (flawless) /Black=0.40} 1-0